Wentworth Miller Filmography - Statistics

General Stats
  • This quiz has been taken 10 times
    2 since last reset
  • The average score is 4 of 35
Answer Stats
Type Year Name % Correct
TV Show 2016-2017, 2018, 2021 DC's Legends of Tomorrow
100%
TV Show 2005-2009, 2017 Prison Break
100%
TV Show 2014-2019 The Flash
100%
TV Film 2009 Prison Break: The Final Break
50%
Short Film 2015 2 Hours 2 Vegas
0%
TV Show 2019 Batwoman
0%
Film 2009 Blood Creek
0%
TV Show 1998 Buffy the Vampire Slayer
0%
TV Mini-Series 2002 Dinotopia
0%
TV Documentary 2002 Discovering Dinotopia
0%
TV Show 2000 ER
0%
TV Show 2009 Family Guy
0%
TV Show 2005 Ghost Whisperer
0%
TV Show 2011 House
0%
Music Video 2005 It's Like That
0%
TV Show 2005 Joan of Arcadia
0%
TV Show 2009, 2019, 2021 Law & Order: Special Victims Unit
0%
TV Show 2019 Madam Secretary
0%
TV Show 2000 Popular
0%
Video Game 2010 Prison Break: The Conspiracy
0%
TV Mini-Series 2007 Prison Break: Visitations
0%
Film 2010 Resident Evil: Afterlife
0%
Film 2000 Romeo and Juliet
0%
Short Film 2001 Room 302
0%
TV Show TBA Snatchback
0%
Film 2005 Stealth
0%
TV Short 2015 Superhero Fight Club
0%
Short Film 2005 The Confession
0%
Film 2003 The Human Stain
0%
Film 2014 The Loft
0%
TV Show 1999, 2000 Time of Your Life
0%
Film 2003 Underworld
0%
Music Video 2005 We Belong Together
0%
Commercial 2005 Yes
0%
TV Show 2013 Young Justice
0%
No matching quizzes found
Score Distribution
Percent of People with Each Score
Percentile by Number Answered
Your Score History
You have not taken this quiz since the last reset